[Event "20th WCh U20 Girls"]
[Site "Panaji IND"]
[Date "2002.12.09"]
[Round "1"]
[White "Humpy, Koneru"]
[Black "Anoori, Mehul Shah"]
[Result "1-0"]
[WhiteElo "2484"]
[BlackElo "2109"]
[EventDate "2002.12.09"]
[PlyCount "80"]

1.Nf3 Nf6 2.c4 b6 3.g3 c5 4.Bg2 Bb7 5.d4 cxd4 6.Qxd4 g6 7.O-O Bg7 8.Nc3 
O-O 9.Qh4 d6 10.Bh6 Nbd7 11.Rfd1 Rc8 12.b3 a6 13.Rac1 Re8 14.Bxg7 Kxg7 15.
e4 Qc7 16.Nd4 Qb8 17.g4 h6 18.Qg3 Qa8 19.Nd5 e6 20.Nxf6 Nxf6 21.f3 Red8 
22.Ne2 Qb8 23.Nc3 Qc7 24.Bf1 Qb8 25.Qf2 Bc6 26.b4 Qc7 27.Rd2 a5 28.bxa5 
bxa5 29.Rcd1 Rd7 30.Nb5 Bxb5 31.cxb5 d5 32.b6 Qb8 33.Rb1 dxe4 34.Rxd7 Nxd7
35.fxe4 Qb7 36.e5 Nxe5 37.Bg2 Nc6 38.Rc1 Qd7 39.Qb2+ Kh7 40.b7 Qd8 1-0

[Event "20th WCh U20 Girls"]
[Site "Panaji IND"]
[Date "2002.12.09"]
[Round "1"]
[White "Pogonina, Natalia"]
[Black "Kurbanova, Maygozel"]
[Result "1-0"]
[WhiteElo "2397"]
[BlackElo "2147"]
[EventDate "2002.12.09"]
[PlyCount "39"]

1.e4 d6 2.d4 Nf6 3.Nc3 g6 4.Be3 Bg7 5.Qd2 h6 6.h3 Nbd7 7.Nf3 e5 8.dxe5 
dxe5 9.O-O-O g5 10.Nxe5 Nxe4 11.Nxe4 Bxe5 12.f4 gxf4 13.Bxf4 Qe7 14.Bd3 c6
15.Rhe1 Qe6 16.Bc4 Qe7 17.Nd6+ Kf8 18.Bxh6+ Kg8 19.Bxf7+ Kh7 20.Qd3+ 1-0

[Event "20th WCh U20 Girls"]
[Site "Panaji IND"]
[Date "2002.12.09"]
[Round "1"]
[White "Priyadarshini, M."]
[Black "Kosintseva, Nadezhda"]
[Result "0-1"]
[WhiteElo "2097"]
[BlackElo "2388"]
[EventDate "2002.12.09"]
[PlyCount "60"]

1.c4 f5 2.Nc3 Nf6 3.g3 g6 4.Bg2 Bg7 5.e3 O-O 6.Nge2 e5 7.d3 d6 8.O-O a5 9.
Rb1 c6 10.b3 Na6 11.Bb2 Rb8 12.d4 e4 13.d5 c5 14.a3 Ng4 15.Nb5 Bxb2 16.
Rxb2 Qf6 17.Qd2 g5 18.Rbb1 Qh6 19.h3 Ne5 20.Qxa5 Nf3+ 21.Kh1 f4 22.Ng1 
Nxg1 23.Kxg1 f3 24.Bh1 Bxh3 25.Rfc1 Rf6 26.Qd2 Qh5 27.Qc2 Rh6 28.Qxe4 Bg4 
29.Bg2 Qh2+ 30.Kf1 Qh1+ 0-1

[Event "20th WCh U20 Girls"]
[Site "Panaji IND"]
[Date "2002.12.09"]
[Round "1"]
[White "Anuprita, Patil"]
[Black "Wang Yu"]
[Result "0-1"]
[WhiteElo "2093"]
[BlackElo "2368"]
[EventDate "2002.12.09"]
[PlyCount "87"]

1.e4 e5 2.d4 exd4 3.Qxd4 Nc6 4.Qe3 Nf6 5.Nc3 Be7 6.Bd2 O-O 7.Bd3 d6 8.h3 
Be6 9.O-O-O Nb4 10.Kb1 d5 11.exd5 Nfxd5 12.Nxd5 Qxd5 13.b3 Nxd3 14.Qxd3 
Qxd3 15.cxd3 Bf5 16.Bf4 Rad8 17.Bxc7 Rxd3 18.Rxd3 Bxd3+ 19.Kb2 Rc8 20.Be5 
Rc2+ 21.Ka1 Rxf2 22.Nf3 Rf1+ 23.Rxf1 Bxf1 24.Ne1 Bb4 25.Bg3 f6 26.h4 Kf7 
27.Kb2 Ke6 28.Nc2 Bc5 29.Ne1 Kf5 30.Kc3 Kg4 31.Bb8 a6 32.g3 Bf2 33.Nc2 Kh3
34.Nd4 Be1+ 35.Kc2 g6 36.Ne6 Bxg3 37.Bxg3 Kxg3 38.Nf8 Kxh4 39.Nxh7 f5 40.
Kd2 f4 41.Ke1 Bd3 42.Nf6 Kg3 43.Nd5 f3 44.Kd1 0-1

[Event "20th WCh U20 Girls"]
[Site "Panaji IND"]
[Date "2002.12.09"]
[Round "1"]
[White "Calotescu, Ana-Cristina"]
[Black "Delphin, C."]
[Result "1-0"]
[WhiteElo "2324"]
[BlackElo "2084"]
[EventDate "2002.12.09"]
[PlyCount "31"]

1.Nf3 Nf6 2.c4 g6 3.g3 Bg7 4.Bg2 c6 5.O-O d5 6.d4 Nbd7 7.Nbd2 Nb6 8.Re1 a5
9.a4 Bf5 10.Ne5 Nbd7 11.Nd3 Ne4 12.Nf3 Ndf6 13.Nfe5 Rc8 14.Nd7 Qxd7 15.f3 
Qc7 16.Nc5 1-0

[Event "20th WCh U20 Girls"]
[Site "Panaji IND"]
[Date "2002.12.09"]
[Round "1"]
[White "Coimbra, Margarida Goncalves"]
[Black "Tian Tian"]
[Result "0-1"]
[WhiteElo "2082"]
[BlackElo "2311"]
[EventDate "2002.12.09"]
[PlyCount "75"]

1.e4 c6 2.d4 d5 3.exd5 cxd5 4.Bd3 Nc6 5.c3 Nf6 6.Bf4 Bg4 7.Qb3 Qd7 8.Nd2 
e6 9.Ngf3 Qc8 10.Ne5 Nxe5 11.Bxe5 Be7 12.Bb5+ Kf8 13.O-O Bh5 14.Rac1 a6 
15.Bd3 Bg6 16.c4 Qd7 17.c5 Ng4 18.Bg3 Bxd3 19.Qxd3 h5 20.f4 Qb5 21.Qxb5 
axb5 22.a3 g6 23.Rc3 Ra4 24.b4 Bf6 25.Nf3 Kg7 26.Rd1 Rha8 27.Rdd3 Be7 28.
Ne5 Nxe5 29.dxe5 R4a6 30.Bf2 f6 31.Bd4 fxe5 32.Bxe5+ Bf6 33.Kf2 Rg8 34.h4 
Re8 35.Kf3 Rc8 36.Rd4 Rac6 37.Rdd3 b6 38.Rb3 0-1

[Event "20th WCh U20 Girls"]
[Site "Panaji IND"]
[Date "2002.12.09"]
[Round "1"]
[White "Makka, Ioulia"]
[Black "Nabeela, Farheen"]
[Result "1-0"]
[WhiteElo "2257"]
[BlackElo "2067"]
[EventDate "2002.12.09"]
[PlyCount "145"]

1.e4 e5 2.Nf3 Nc6 3.Bb5 a6 4.Ba4 Nf6 5.d3 b5 6.Bb3 Be7 7.O-O d6 8.c3 O-O 
9.a4 Bb7 10.Re1 Na5 11.Bc2 c5 12.Nbd2 Re8 13.Nf1 Bf8 14.Ng3 g6 15.d4 cxd4 
16.cxd4 Qc7 17.Bd3 b4 18.Bg5 Bg7 19.Rc1 Qb6 20.d5 Bc8 21.Be3 Qb7 22.h3 Bd7
23.Nd2 Rec8 24.Nc4 Nxc4 25.Bxc4 a5 26.b3 Be8 27.Qe2 Nd7 28.Bb5 Nf6 29.Rxc8
Qxc8 30.Rc1 Qd8 31.Bxe8 Qxe8 32.Rc6 Qb8 33.Qc4 Nd7 34.Rc7 Nc5 35.Rc6 Nd7 
36.Ne2 f5 37.f3 fxe4 38.fxe4 Bf8 39.Kh2 Qd8 40.Ng1 Kh8 41.Nf3 Be7 42.Qc1 
Kg8 43.Qc2 Kg7 44.Bc1 Nc5 45.Be3 Rc8 46.Rxc8 Qxc8 47.Nd2 Qd8 48.Bxc5 Qc7 
49.Qc4 dxc5 50.Qa6 Bg5 51.Nf3 Be7 52.Qe6 Bd6 53.Nd2 Be7 54.Nc4 Bd8 55.d6 
Qf7 56.Qxf7+ Kxf7 57.Nxe5+ Ke6 58.Nc4 Bg5 59.Kg3 Bd8 60.Kf4 h6 61.e5 Kd5 
62.Ne3+ Ke6 63.Ke4 Bg5 64.Nd5 Bd8 65.Nf4+ Kf7 66.e6+ Kf6 67.e7 Bxe7 68.
Nd5+ Ke6 69.dxe7 Kd7 70.Ke5 c4 71.Kf6 c3 72.Kf7 Kd6 73.Ne3 1-0

[Event "20th WCh U20 Girls"]
[Site "Panaji IND"]
[Date "2002.12.09"]
[Round "1"]
[White "Matras, Agnieszka"]
[Black "Kavitha, J. E."]
[Result "1-0"]
[WhiteElo "2247"]
[BlackElo "2064"]
[EventDate "2002.12.09"]
[PlyCount "79"]

1.e4 c5 2.Nc3 Nc6 3.f4 g6 4.Nf3 Bg7 5.Bb5 Nd4 6.Nxd4 cxd4 7.Ne2 a6 8.Bd3 
e6 9.O-O Ne7 10.c3 Nc6 11.e5 d6 12.exd6 Qxd6 13.Be4 d3 14.Ng3 f5 15.Bf3 
O-O 16.b3 e5 17.fxe5 Nxe5 18.a4 Be6 19.Kh1 Qb6 20.Rb1 Rad8 21.Ba3 Rfe8 22.
c4 h5 23.Re1 h4 24.Nf1 Bd7 25.Ne3 Bc6 26.Bxc6 Qxc6 27.h3 f4 28.Nd5 Rxd5 
29.cxd5 Qxd5 30.Rf1 f3 31.gxf3 Qd7 32.Kg2 Qf5 33.f4 Qe4+ 34.Kg1 Qe2 35.Rf2
Qe4 36.fxe5 Rxe5 37.Qf3 Rg5+ 38.Kf1 Qd4 39.Qf7+ Kh7 40.Bb2 1-0

[Event "20th WCh U20 Girls"]
[Site "Panaji IND"]
[Date "2002.12.09"]
[Round "1"]
[White "Nilavoli, Hariharan"]
[Black "Zigangirova, Sofya"]
[Result "0-1"]
[WhiteElo "2064"]
[BlackElo "2241"]
[EventDate "2002.12.09"]
[PlyCount "120"]

1.e4 c5 2.Nf3 e6 3.d3 Nc6 4.Nbd2 d6 5.g3 g6 6.Bg2 Bg7 7.O-O Nge7 8.Ne1 O-O
9.f4 Rb8 10.Ndf3 b5 11.c3 b4 12.d4 bxc3 13.bxc3 cxd4 14.cxd4 Qb6 15.Nc2 
Ba6 16.Re1 Na5 17.Be3 d5 18.e5 Nc4 19.Bf1 Rfc8 20.Bf2 Qa5 21.Ne3 Rb2 22.
Nxc4 Bxc4 23.Bxc4 dxc4 24.Re2 c3 25.Be1 Qd5 26.Kf2 c2 27.Qc1 Rxa2 28.Rxa2 
Qxa2 29.Bb4 Qb1 30.Ba3 Rc3 31.Nd2 Qxc1 32.Bxc1 Nf5 33.Nf3 h5 34.Rd2 Bf8 
35.h3 Bb4 36.Re2 a5 37.g4 hxg4 38.hxg4 Nh6 39.Ne1 Nxg4+ 40.Kg2 Ne3+ 41.Kf2
Nd1+ 42.Kf1 a4 43.Nxc2 a3 44.Nxb4 Rxc1 45.Na2 Ra1 46.Kg2 Rb1 47.Kf3 Rb2 
48.Re1 Rxa2 49.Rxd1 Rb2 50.Rc1 a2 51.Rc8+ Kg7 52.Ra8 Rc2 53.Ra7 Kh6 54.Kg4
Rd2 55.Kf3 Kg7 56.Ra8 Rb2 57.Ke4 Rg2 58.d5 exd5+ 59.Kxd5 Rg4 60.Ke4 g5 0-1

[Event "20th WCh U20 Girls"]
[Site "Panaji IND"]
[Date "2002.12.09"]
[Round "1"]
[White "Helm, Leonie"]
[Black "Rajadharshini, M."]
[Result "1-0"]
[WhiteElo "2235"]
[BlackElo "2045"]
[EventDate "2002.12.09"]
[PlyCount "66"]

1.e4 c6 2.d4 d5 3.e5 Bf5 4.Nc3 e6 5.g4 Bg6 6.Nge2 Nd7 7.Be3 Ne7 8.Nf4 h6 
9.h4 Qb6 10.b3 Bh7 11.Na4 Qc7 12.Bd3 Bxd3 13.Nxd3 Nc8 14.f4 Ncb6 15.Nxb6 
Qxb6 16.f5 Bb4+ 17.Nxb4 Qxb4+ 18.Qd2 Qxd2+ 19.Kxd2 O-O-O 20.Raf1 Rdf8 21.
g5 h5 22.g6 fxg6 23.fxe6 Nb6 24.e7 Re8 25.Rf7 Kd7 26.Bg5 Rhg8 27.Re1 Ke6 
28.Ref1 Nc8 29.Rf8 Nxe7 30.Bxe7 Kxe7 31.R1f7+ Ke6 32.Rxb7 Re7 33.Rxe7+ 
Kxe7 1-0

[Event "20th WCh U20 Girls"]
[Site "Panaji IND"]
[Date "2002.12.09"]
[Round "1"]
[White "Trujillo Delgado, Dafnae"]
[Black "Prathiba, Yuvarajan"]
[Result "1-0"]
[WhiteElo "2036"]
[BlackElo "2223"]
[EventDate "2002.12.09"]
[PlyCount "79"]

1.e4 e6 2.d4 d5 3.Nd2 Nf6 4.e5 Nfd7 5.f4 c5 6.Ndf3 Nc6 7.c3 Qb6 8.a3 cxd4 
9.cxd4 a5 10.b3 Be7 11.Bb2 f6 12.Bd3 f5 13.Ne2 Nf8 14.O-O Ng6 15.Kh1 O-O 
16.Rg1 Bd7 17.g4 a4 18.b4 Na5 19.gxf5 exf5 20.Nd2 Bc6 21.Nf3 Nc4 22.Bc1 
Qd8 23.Qc2 Bd7 24.Ng3 Qc8 25.Nh5 Be6 26.Ra2 Qd7 27.h4 Rac8 28.Qh2 Qd8 29.
Rag2 Rf7 30.Nxg7 Rxg7 31.h5 Qe8 32.Rg3 Nb6 33.hxg6 hxg6 34.Rh3 Kf7 35.Rh6 
Qg8 36.Nh4 Rh7 37.Nxf5 Bxf5 38.Rxh7+ Ke6 39.Bxf5+ Kxf5 40.Qh3+ 1-0

[Event "20th WCh U20 Girls"]
[Site "Panaji IND"]
[Date "2002.12.09"]
[Round "1"]
[White "Rajalakshmi, C. V."]
[Black "Tsai, Cindy"]
[Result "0-1"]
[WhiteElo "2018"]
[BlackElo "2204"]
[EventDate "2002.12.09"]
[PlyCount "92"]

1.c4 Nf6 2.Nc3 d5 3.cxd5 Nxd5 4.g3 g6 5.Bg2 Nxc3 6.bxc3 Bg7 7.Qb3 Nc6 8.
Nf3 O-O 9.O-O b6 10.a4 Na5 11.Qc2 Bb7 12.Rb1 c5 13.c4 e5 14.Bb2 e4 15.Ne1 
Bxb2 16.Rxb2 Qd4 17.d3 exd3 18.exd3 Rad8 19.Bxb7 Nxb7 20.Rb3 Na5 21.Ra3 
Nc6 22.Kg2 Rd6 23.Qc3 Qxc3 24.Rxc3 Nb4 25.a5 Rfd8 26.axb6 axb6 27.Rb3 Re6 
28.Kf3 Rd4 29.Kg2 Kf8 30.Ra3 Kg7 31.Rb3 Kf6 32.Ra3 Rdd6 33.Rb3 g5 34.Rb2 
Kf5 35.h3 h5 36.Rb3 Nxd3 37.Nc2 Re4 38.Ne3+ Ke6 39.Rd1 Nb4 40.Rdb1 f5 41.
Nd5 Nxd5 42.cxd5+ Kxd5 43.Rxb6 Rxb6 44.Rxb6 Re6 45.Rb1 g4 46.hxg4 hxg4 0-1

[Event "20th WCh U20 Girls"]
[Site "Panaji IND"]
[Date "2002.12.09"]
[Round "1"]
[White "Tania, Sachdev"]
[Black "Nimmy, A. G."]
[Result "1-0"]
[WhiteElo "2189"]
[BlackElo "2004"]
[EventDate "2002.12.09"]
[PlyCount "65"]

1.e4 e5 2.Bc4 Bc5 3.Nf3 Nc6 4.O-O Nf6 5.d3 d6 6.c3 O-O 7.Re1 h6 8.Nbd2 Be6
9.Bb5 a6 10.Ba4 b5 11.Bc2 Re8 12.h3 d5 13.Nxe5 Nxe5 14.d4 Nfd7 15.f4 Bb6 
16.fxe5 Nxe5 17.Nf3 Ng6 18.e5 Nh4 19.Be3 Bf5 20.Nxh4 Bxc2 21.Qxc2 Qxh4 22.
Qf5 Re6 23.Rf1 Qe7 24.Rf3 Rg6 25.Raf1 Rf8 26.Kh1 Qe6 27.Qc2 c6 28.b3 Qe7 
29.Qd2 Ba5 30.Qc2 Bb6 31.c4 Qe6 32.cxd5 cxd5 33.Rc1 1-0

[Event "20th WCh U20 Girls"]
[Site "Panaji IND"]
[Date "2002.12.09"]
[Round "1"]
[White "Kasturi, M."]
[Black "Jennitha, Anto"]
[Result "1-0"]
[WhiteElo "2158"]
[BlackElo "1989"]
[EventDate "2002.12.09"]
[PlyCount "89"]

1.e4 d6 2.d4 Nf6 3.Nc3 g6 4.g3 Bg7 5.Bg2 O-O 6.Nge2 c6 7.h3 Qc7 8.O-O e5 
9.Be3 b5 10.a3 a6 11.g4 Bb7 12.Ng3 Nbd7 13.Nce2 exd4 14.Bxd4 c5 15.Be3 
Rfe8 16.f3 Ne5 17.b3 Nfd7 18.Qd2 Nb6 19.Bh6 Bh8 20.Rad1 Rad8 21.Bg5 f6 22.
Bf4 d5 23.Bxe5 Qxe5 24.Qf4 Qxf4 25.Nxf4 d4 26.Nge2 Bg7 27.Nd3 Bf8 28.Nf2 
f5 29.gxf5 gxf5 30.Ng3 fxe4 31.Nfxe4 Nd5 32.Rfe1 Re6 33.Kf2 Ne3 34.Rd2 c4 
35.b4 Bxe4 36.Nxe4 Rg6 37.Bh1 Bh6 38.Rde2 d3 39.cxd3 cxd3 40.Rxe3 Bxe3+ 
41.Kxe3 Rc6 42.Nc5 Re8+ 43.Ne4 Rc3 44.Kd2 Rc6 45.Nf6+ 1-0

[Event "20th WCh U20 Girls"]
[Site "Panaji IND"]
[Date "2002.12.10"]
[Round "2"]
[White "Kosintseva, Tatiana"]
[Black "Helm, Leonie"]
[Result "1-0"]
[WhiteElo "2427"]
[BlackElo "2235"]
[EventDate "2002.12.09"]
[PlyCount "117"]

1.e4 c5 2.Nf3 Nc6 3.c3 Nf6 4.e5 Nd5 5.d4 cxd4 6.cxd4 d6 7.Bc4 Nb6 8.Bb5 
dxe5 9.Nxe5 Bd7 10.Nxd7 Qxd7 11.Nc3 e6 12.O-O Be7 13.Qg4 O-O 14.Bxc6 bxc6 
15.Bh6 Bf6 16.Rfd1 Rfd8 17.Ne4 Qe7 18.Rac1 Rac8 19.Rc3 Kh8 20.Bg5 Bxg5 21.
Nxg5 h6 22.Nf3 Nd5 23.Rc4 f5 24.Qh4 Qxh4 25.Nxh4 Nb6 26.Rcc1 c5 27.Ng6+ 
Kh7 28.Nf4 cxd4 29.Nxe6 Rxc1 30.Rxc1 Rd6 31.Nc5 d3 32.Rd1 d2 33.Kf1 Nc4 
34.Na4 Ne5 35.h3 g5 36.b3 Kg6 37.Nb2 Ra6 38.Na4 Rd6 39.f3 Kf6 40.Nc3 Rc6 
41.Nd5+ Ke6 42.Rxd2 Rc1+ 43.Ke2 f4 44.Nb4 a5 45.Nc2 Ng6 46.Nd4+ Ke5 47.Kd3
Nh4 48.Nc2 Rg1 49.Re2+ Kd5 50.Ne1 Kc5 51.a3 Kb5 52.Re5+ Kc6 53.Re2 Kb5 54.
Kc3 Kc5 55.Re5+ Kb6 56.Re6+ Kc5 57.Nd3+ Kd5 58.Rxh6 Rxg2 59.Rxh4 1-0

[Event "20th WCh U20 Girls"]
[Site "Panaji IND"]
[Date "2002.12.10"]
[Round "2"]
[White "Zigangirova, Sofya"]
[Black "Pogonina, Natalia"]
[Result "0-1"]
[WhiteElo "2241"]
[BlackElo "2397"]
[EventDate "2002.12.09"]
[PlyCount "63"]

1.e4 c5 2.Nf3 d6 3.d4 cxd4 4.Nxd4 Nf6 5.Nc3 g6 6.Bc4 Bg7 7.O-O O-O 8.Re1 
Bd7 9.h3 Nc6 10.Nb3 Rc8 11.Bf1 a6 12.Nd5 Be6 13.c3 Bxd5 14.exd5 Ne5 15.a4 
Re8 16.a5 Qc7 17.Ra4 Ned7 18.Be3 Nc5 19.Rc4 Nfd7 20.Nxc5 dxc5 21.b4 b5 22.
axb6 Qxb6 23.Qa4 Qb5 24.Qa3 Qb7 25.bxc5 Qxd5 26.Qxa6 Ra8 27.Rd4 Bxd4 28.
Qd3 e5 29.cxd4 exd4 30.Qd1 Nxc5 31.Qxd4 Qxd4 32.Bxd4 0-1

[Event "20th WCh U20 Girls"]
[Site "Panaji IND"]
[Date "2002.12.10"]
[Round "2"]
[White "Kosintseva, Nadezhda"]
[Black "Ubiennykh, Ekaterina"]
[Result "1-0"]
[WhiteElo "2388"]
[BlackElo "2210"]
[EventDate "2002.12.09"]
[PlyCount "77"]

1.e4 e5 2.Nf3 Nc6 3.Nc3 Nf6 4.Bb5 Bb4 5.O-O O-O 6.d3 Bxc3 7.bxc3 d6 8.Rb1 
h6 9.Re1 Ne7 10.d4 c6 11.Bd3 Qc7 12.Nh4 c5 13.Qf3 c4 14.Bf1 d5 15.exd5 e4 
16.Rxe4 Nxe4 17.Qxe4 g5 18.Ba3 Re8 19.Re1 Bf5 20.Qe3 gxh4 21.Bxe7 Kh7 22.
d6 Qc8 23.Qf4 h3 24.Bxc4 Rg8 25.g3 Bxc2 26.Bxf7 Rg4 27.Qd2 Qf5 28.Re6 Qxf7
29.Qxc2+ Kg7 30.Qe2 Qf5 31.f3 Rg6 32.Qe5+ Qxe5 33.Rxg6+ Kxg6 34.dxe5 Kf7 
35.f4 Ke6 36.f5+ Kxe5 37.d7 Kxf5 38.d8=Q Rxd8 39.Bxd8 1-0

[Event "20th WCh U20 Girls"]
[Site "Panaji IND"]
[Date "2002.12.10"]
[Round "2"]
[White "Tian Tian"]
[Black "Tania, Sachdev"]
[Result "1/2-1/2"]
[WhiteElo "2311"]
[BlackElo "2189"]
[EventDate "2002.12.09"]
[PlyCount "134"]

1.e4 c5 2.Nc3 Nc6 3.g3 g6 4.Bg2 Bg7 5.d3 d6 6.Be3 Rb8 7.Qd2 b5 8.f4 b4 9.
Nd1 Qc7 10.Nf3 Nd4 11.O-O e6 12.Nh4 Ne7 13.c3 bxc3 14.bxc3 Ndc6 15.Rc1 O-O
16.Kh1 f5 17.Bf2 Bb7 18.Re1 Qd7 19.Nf3 h6 20.Nb2 Ba6 21.exf5 exf5 22.Nc4 
Kh7 23.Qe2 Ng8 24.Qc2 Nf6 25.Nfd2 Rfe8 26.Nf1 Bb7 27.Qa4 Ng4 28.Bg1 Rxe1 
29.Rxe1 Bxc3 30.Rb1 d5 31.Na3 Bd4 32.Bxd4 cxd4 33.Nc2 Qg7 34.h3 Ne3 35.
Nfxe3 dxe3 36.Nxe3 Ba8 37.Rxb8 Nxb8 38.Nxd5 Bc6 39.Qb3 Nd7 40.Qc3 Qxc3 41.
Nxc3 Bxg2+ 42.Kxg2 Kg7 43.Kf3 Kf6 44.Ke3 g5 45.Kd4 Kg6 46.Kd5 gxf4 47.gxf4
Kh5 48.d4 Kh4 49.Ke6 Nf8+ 50.Kf7 Nd7 51.Kg7 Kxh3 52.Kxh6 Kg4 53.Nd5 Nf8 
54.Kg7 Ne6+ 55.Kf6 Nxd4 56.Ke5 Nf3+ 57.Kd6 Nd4 58.a4 a5 59.Ke5 Nf3+ 60.Ke6
Nd4+ 61.Ke5 Nf3+ 62.Kd6 Nd4 63.Kc5 Ne6+ 64.Kb5 Nxf4 65.Ne3+ Kf3 66.Nxf5 
Nd5 67.Nd4+ Ke4 1/2-1/2

[Event "20th WCh U20 Girls"]
[Site "Panaji IND"]
[Date "2002.12.10"]
[Round "2"]
[White "Churun, Polina"]
[Black "Calotescu, Ana-Cristina"]
[Result "0-1"]
[WhiteElo "2162"]
[BlackElo "2324"]
[EventDate "2002.12.09"]
[PlyCount "53"]

1.e4 c5 2.Nf3 d6 3.d4 Nf6 4.Nc3 cxd4 5.Nxd4 a6 6.Bg5 e6 7.f4 Nc6 8.Nxc6 
bxc6 9.e5 h6 10.Bh4 g5 11.fxg5 Nd5 12.Nxd5 exd5 13.Qh5 Be7 14.exd6 Qxd6 
15.Bd3 Qe5+ 16.Qe2 Qxe2+ 17.Kxe2 hxg5 18.Bg3 O-O 19.Kd2 f5 20.Be5 f4 21.
Rhf1 Bf5 22.c4 Bc5 23.cxd5 Be3+ 24.Kc3 cxd5 25.Bxf5 Rxf5 26.Bd6 d4+ 27.Kd3
0-1

[Event "20th WCh U20 Girls"]
[Site "Panaji IND"]
[Date "2002.12.10"]
[Round "2"]
[White "Jackova, Jana"]
[Black "Trujillo Delgado, Dafnae"]
[Result "0-1"]
[WhiteElo "2361"]
[BlackElo "2036"]
[EventDate "2002.12.09"]
[PlyCount "82"]

1.e4 c5 2.Nf3 d6 3.d4 cxd4 4.Nxd4 Nf6 5.Nc3 e6 6.Bc4 Be7 7.a3 O-O 8.Ba2 
Nc6 9.O-O Nxd4 10.Qxd4 b6 11.Qd3 Bb7 12.Bf4 Qc8 13.Rad1 Rd8 14.Rfe1 Bc6 
15.Nb5 Qb7 16.f3 e5 17.Bg5 d5 18.Bxf6 dxe4 19.Qc4 Bc5+ 20.Qxc5 bxc5 21.
Bxd8 Qxb5 22.fxe4 Qxb2 23.Bb3 Qxa3 24.Be7 Re8 25.Bd6 Qb4 26.Rf1 Qxe4 27.
Bxf7+ Kh8 28.Rf2 Rd8 29.c4 a5 30.Be6 a4 31.Rdf1 Qe3 32.Kh1 h6 33.Rf8+ Rxf8
34.Rxf8+ Kh7 35.h4 Qe1+ 36.Kh2 Qxh4+ 37.Bh3 Bd7 38.Rf3 Bxh3 39.Rxh3 Qf4+ 
40.Kh1 Qd4 41.Bc7 e4 0-1

[Event "20th WCh U20 Girls"]
[Site "Panaji IND"]
[Date "2002.12.10"]
[Round "2"]
[White "Prathiba, Yuvarajan"]
[Black "Nabeela, Farheen"]
[Result "1-0"]
[WhiteElo "2223"]
[BlackElo "2067"]
[EventDate "2002.12.09"]
[PlyCount "117"]

1.e4 e5 2.Nf3 Nc6 3.Bb5 a6 4.Ba4 Nf6 5.O-O Nxe4 6.d4 b5 7.Bb3 d5 8.dxe5 
Be6 9.c3 Be7 10.Bc2 Nc5 11.Re1 O-O 12.Nd4 Qd7 13.Nd2 Nxd4 14.cxd4 Nb7 15.
Nf1 c5 16.Be3 Rac8 17.Rc1 f5 18.exf6 Bxf6 19.Ng3 g6 20.Ne2 Qg7 21.dxc5 
Nxc5 22.Bxg6 hxg6 23.Bxc5 Rfd8 24.b4 Bf7 25.Qd3 d4 26.Nf4 Be5 27.Nh3 Bf6 
28.Nf4 Be5 29.Nh3 Bf6 30.Rcd1 Bc4 31.Qf3 g5 32.Qf5 d3 33.Re3 Rc6 34.Rg3 
Rd5 35.Qe4 Qd7 36.Qf4 Rf5 37.Qd2 Qg7 38.Re1 Bc3 39.Re8+ Kh7 40.Qd1 Qg6 41.
Re7+ Kh8 42.Qc1 Bf6 43.Re1 Qg7 44.Qd1 Qf7 45.Qd2 Qg7 46.Re8+ Kh7 47.Qd1 
Qg6 48.Re1 Qf7 49.Rge3 Bg7 50.Re7 Qg6 51.Qd2 Kh8 52.Be3 Bf6 53.Ra7 Rd5 54.
Bc5 Rf5 55.Re3 g4 56.Rg3 Re6 57.Rxg4 Qxg4 58.Qh6+ Kg8 59.Qf8# 1-0

[Event "20th WCh U20 Girls"]
[Site "Panaji IND"]
[Date "2002.12.10"]
[Round "2"]
[White "Savic, Marijana"]
[Black "Drljevic, Ljilja"]
[Result "1/2-1/2"]
[WhiteElo "2141"]
[BlackElo "2139"]
[EventDate "2002.12.09"]
[PlyCount "22"]

1.d4 d5 2.c4 c6 3.Nf3 Nf6 4.cxd5 cxd5 5.Nc3 Nc6 6.Bg5 e6 7.e3 Be7 8.Bd3 
O-O 9.O-O a6 10.a3 b5 11.b4 h6 1/2-1/2

[Event "20th WCh U20 Girls"]
[Site "Panaji IND"]
[Date "2002.12.10"]
[Round "2"]
[White "Holusova, Tana"]
[Black "Milliet, Sophie"]
[Result "0-1"]
[WhiteElo "2106"]
[BlackElo "2164"]
[EventDate "2002.12.09"]
[PlyCount "116"]

1.e4 c5 2.Nf3 Nc6 3.d4 cxd4 4.Nxd4 Nf6 5.Nc3 d6 6.Be2 Nxd4 7.Qxd4 g6 8.Be3
Bg7 9.Qd2 Qa5 10.O-O O-O 11.f3 Be6 12.Rad1 Rac8 13.Bd4 Kh8 14.a3 a6 15.Qe3
Nd7 16.f4 b5 17.f5 Bc4 18.Bxg7+ Kxg7 19.Qd4+ Ne5 20.f6+ exf6 21.Qxd6 Rc6 
22.Qd2 b4 23.axb4 Qxb4 24.Bxc4 Nxc4 25.Qf2 Nxb2 26.Nd5 Nxd1 27.Nxb4 Nxf2 
28.Nxc6 Nxe4 29.Nb4 a5 30.Nd5 Rc8 31.Rf4 Nc3 32.Nxc3 Rxc3 33.Ra4 Rc5 34.c3
Kf8 35.Kf2 Ke7 36.Ke2 Kd6 37.Kd3 Kc6 38.Rf4 f5 39.Rh4 h5 40.Ra4 Rd5+ 41.
Ke3 Re5+ 42.Kd3 g5 43.g3 f6 44.Rc4+ Rc5 45.Ra4 Kd5 46.Ra1 Ke6 47.c4 Re5 
48.Ra2 f4 49.gxf4 gxf4 50.Kd4 Kf5 51.c5 f3 52.Rf2 Kf4 53.c6 Re2 54.c7 Re8 
55.Kd5 Ke3 56.Ra2 f2 57.Ra1 Ke2 58.Ra2+ Kf3 0-1

[Event "20th WCh U20 Girls"]
[Site "Panaji IND"]
[Date "2002.12.10"]
[Round "2"]
[White "Kurbanova, Maygozel"]
[Black "Nilavoli, Hariharan"]
[Result "0-1"]
[WhiteElo "2147"]
[BlackElo "2064"]
[EventDate "2002.12.09"]
[PlyCount "48"]

1.e4 c5 2.Nf3 e6 3.d4 cxd4 4.Nxd4 Nc6 5.g3 d5 6.Bb5 Ne7 7.Nc3 a6 8.Bxc6+ 
bxc6 9.exd5 cxd5 10.O-O Ng6 11.Re1 Bc5 12.Nf3 O-O 13.Be3 Bd6 14.a3 Bb7 15.
Bd4 Qc7 16.Na4 e5 17.Be3 d4 18.Nxd4 exd4 19.Qxd4 Qc6 20.Kf1 Rad8 21.Qg4 f5
22.Qd4 Qg2+ 23.Ke2 Bf3+ 24.Kd2 Be5 0-1

[Event "20th WCh U20 Girls"]
[Site "Panaji IND"]
[Date "2002.12.10"]
[Round "2"]
[White "Anoori, Mehul Shah"]
[Black "Bjerke, Silje"]
[Result "0-1"]
[WhiteElo "2109"]
[BlackElo "2065"]
[EventDate "2002.12.09"]
[PlyCount "94"]

1.e4 e6 2.d4 d5 3.Nc3 Bb4 4.e5 c5 5.Qg4 Ne7 6.dxc5 Bxc3+ 7.bxc3 Ng6 8.f4 
Qa5 9.Qg3 Nd7 10.Bd2 Nxc5 11.Bd3 Qa4 12.Qe3 b6 13.Nf3 Ba6 14.O-O O-O 15.
Rfb1 Ne7 16.Rb4 Qd7 17.Bxh7+ Kxh7 18.Ng5+ Kg8 19.Qh3 Rfc8 20.Qh7+ Kf8 21.
Qh8+ Ng8 22.Nh7+ Ke7 23.Qxg7 Qe8 24.f5 Ne4 25.Bg5+ Kd7 26.f6 Rxc3 27.Rd1 
Rc4 28.Rxc4 Bxc4 29.Be3 Rc8 30.h4 Be2 31.Re1 Rxc2 32.Nf8+ Kc7 33.Qxg8 Bh5 
34.g4 Bxg4 35.Qxg4 Qxf8 36.Qg7 Qe8 37.h5 Kb8 38.Rc1 Rxc1+ 39.Bxc1 Qc8 40.
Be3 Qc3 41.Bf2 Qf3 42.Qg8+ Kb7 43.Qxf7+ Kc6 44.Bh4 Qg4+ 45.Kf1 Qxh4 46.Ke2
Qf2+ 47.Kd3 Qd2# 0-1

[Event "20th WCh U20 Girls"]
[Site "Panaji IND"]
[Date "2002.12.10"]
[Round "2"]
[White "Kavitha, J. E."]
[Black "Priya Panneer, Ramachandran"]
[Result "0-1"]
[WhiteElo "2064"]
[BlackElo "2106"]
[EventDate "2002.12.09"]
[PlyCount "72"]

1.e4 e5 2.Nf3 Nf6 3.Nxe5 d6 4.Nf3 Nxe4 5.d4 d5 6.Bd3 Bd6 7.O-O O-O 8.c4 c6
9.Nc3 Nxc3 10.bxc3 dxc4 11.Bxc4 Bg4 12.Qd3 Bh5 13.Bg5 Qa5 14.Bh4 Nd7 15.
Rae1 Rae8 16.Bg3 Bxg3 17.hxg3 Bg6 18.Qd2 Rxe1 19.Rxe1 Nf6 20.Rc1 Nd5 21.
Ne5 Bf5 22.Qg5 Be6 23.Bd3 Qxa2 24.Qh5 Nf6 25.Qd1 Qa5 26.f4 Bd5 27.Qe2 Qa3 
28.Qe1 Rd8 29.Ra1 Qb2 30.Be2 Ne4 31.c4 Nxg3 32.cxd5 Nxe2+ 33.Kh1 Nxf4 34.
Qf1 Qxd4 35.dxc6 Qxe5 36.cxb7 Ne2 0-1

[Event "20th WCh U20 Girls"]
[Site "Panaji IND"]
[Date "2002.12.10"]
[Round "2"]
[White "Lapinskaite, Sarune"]
[Black "Anuprita, Patil"]
[Result "0-1"]
[WhiteElo "2034"]
[BlackElo "2093"]
[EventDate "2002.12.09"]
[PlyCount "101"]

1.e4 c5 2.Nf3 e6 3.d4 cxd4 4.Nxd4 Qb6 5.Nb3 Nc6 6.Be3 Qc7 7.a3 Nf6 8.Nc3 
a6 9.f4 d6 10.Be2 Be7 11.Bf3 O-O 12.Qe2 Bd7 13.O-O Na5 14.Nxa5 Qxa5 15.Qf2
Qc7 16.Bb6 Qb8 17.Rad1 Bc6 18.Rfe1 Nd7 19.Be3 Qc7 20.Qg3 Bf6 21.Rd2 Nb6 
22.Bd4 Bxd4+ 23.Rxd4 e5 24.fxe5 dxe5 25.b3 Bb5 26.Nd5 Nxd5 27.Rxd5 Qxc2 
28.Bd1 Qb2 29.a4 Bc6 30.Qxe5 Qb1 31.Rd4 Rae8 32.Qf4 Qb2 33.Rd2 Qc3 34.Rde2
Re5 35.Qf3 Qd4+ 36.Qf2 Qb4 37.Bc2 Rfe8 38.Kf1 R8e6 39.Qg3 Qc5 40.Qe3 Qe7 
41.g4 g6 42.Kg1 Qh4 43.Qf4 h5 44.Rf1 Qxg4+ 45.Qxg4 hxg4 46.Rf4 f5 47.Bd3 
Re7 48.Kf2 Bxe4 49.Bxe4 fxe4 50.Rxg4 Kg7 51.Ke3 0-1

[Event "20th WCh U20 Girls"]
[Site "Panaji IND"]
[Date "2002.12.10"]
[Round "2"]
[White "Soumya, Swaminathan"]
[Black "Rajalakshmi, C. V."]
[Result "1/2-1/2"]
[WhiteElo "2095"]
[BlackElo "2018"]
[EventDate "2002.12.09"]
[PlyCount "62"]

1.e4 c6 2.Nc3 d5 3.Nf3 dxe4 4.Nxe4 Bg4 5.h3 Bxf3 6.Qxf3 Nd7 7.d4 Ngf6 8.c3
Nxe4 9.Qxe4 Nf6 10.Qc2 e6 11.Bd3 Be7 12.b3 O-O 13.Bb2 h6 14.a3 Bd6 15.c4 
Qa5+ 16.Qd2 Qxd2+ 17.Kxd2 Be7 18.Rhe1 Nd7 19.Bc3 Bf6 20.b4 Rfd8 21.Kc2 Nb6
22.Rad1 a5 23.Kb3 axb4 24.axb4 g6 25.Bc2 Bg7 26.g4 Ra7 27.f4 Rda8 28.Bb2 
Na4 29.Bc1 Nb6 30.Bb2 Ra2 31.Rb1 R2a7 1/2-1/2